Statistics for All Dark Type Moves

Click here to take the quiz!

General Stats

  • This quiz has been taken 71 times
  • The average score is 19 of 38

Answer Stats

CatagoryAnswer% Correct
PhysicalBite
98%
SpecialDark Pulse
97%
PhysicalCrunch
90%
PhysicalNight Slash
77%
StatusNasty Plot
75%
PhysicalPursuit
70%
PhysicalSucker Punch
70%
PhysicalFeint Attack
68%
PhysicalAssurance
60%
PhysicalThief
60%
PhysicalDarkest Lariat
58%
StatusDark Void
57%
PhysicalFoul Play
57%
StatusTaunt
57%
PhysicalKnock Off
55%
SpecialSnarl
55%
PhysicalBeat Up
53%
SpecialNight Daze
50%
StatusTorment
48%
StatusFake Tears
43%
PhysicalThroat Chop
43%
StatusEmbargo
42%
Z-MoveBlack Hole Eclipse
40%
StatusParting Shot
40%
PhysicalPayback
40%
StatusSnatch
38%
StatusMemento
37%
StatusQuash
37%
PhysicalHyperspace Fury
35%
PhysicalFling
33%
Z-MoveMalicious Moonsault
33%
StatusTopsy-Turvy
32%
PhysicalBrutal Swing
30%
StatusFlatter
28%
StatusHone Claws
27%
StatusSwitcheroo
27%
PhysicalPunishment
25%
PhysicalPower Trip
23%

Score Distribution

Percentile by Number Answered

Percent of People with Each Score

Your Score History

You have not taken this quiz